[Event "Vienna op 13th"]
[Site "Vienna"]
[Date "1998.??.??"]
[Round "?"]
[White "Farago, Ivan"]
[Black "Balinov, Ilija"]
[Result "0-1"]
[WhiteElo "2475"]
[BlackElo "2485"]

1.d4 f5 2.c4 Nf6 3.g3 g6 4.Bg2 Bg7 5.Nf3 O-O 6.O-O d6 7.Nc3 Qe8 8.Re1 Qf7
9.Qd3 h6 10.b3 Nc6 11.Ba3 a5 12.Rac1 g5 13.Nb5 Nb4 14.Qb1 c6 15.Nc3 Ne4 16.Bb2 g4
17.Nh4 Nd2 18.Qa1 f4 19.Ne4 f3 20.exf3 Nxf3+ 21.Bxf3 gxf3 22.Re3 Bf5 23.d5 Bxb2
24.Qxb2 Qh7 25.a3 Nxd5 26.cxd5 Bxe4 27.dxc6 bxc6 28.Qd4 d5 29.Rxc6 Rac8 30.Rec3 Rxc6
31.Rxc6 Qg7 32.Qd2 Rf6 33.Rc5 Kh7 34.h3 Qg5 35.Qd4 Qg7 36.Kh2 Rd6 37.Qe3 Qg5
38.Qe1 Qf6 39.Qd2 Rc6 40.Rxc6 Qxc6 41.Nxf3 Bxf3  0-1

[Event "Trinec op"]
[Site "Trinec"]
[Date "1999.01.03"]
[Round "9"]
[White "Hanko, Pavel"]
[Black "Spal, Milan"]
[Result "1-0"]
[WhiteElo "2245"]
[BlackElo "2160"]

1.d4 f5 2.Nf3 Nf6 3.g3 g6 4.Bg2 Bg7 5.O-O O-O 6.c4 d6 7.Nc3 Nc6 8.d5 Ne5
9.Nxe5 dxe5 10.e4 f4 11.h3 g5 12.g4 h5 13.f3 Qd6 14.Rf2 Kf7 15.a3 Rh8 16.b4 hxg4
17.c5 Qd8 18.hxg4 Rh4 19.Raa2 a6 20.a4 Qh8 21.b5 Qh7 22.Rad2 Bxg4 23.fxg4 Nxg4
24.d6 Rh8 25.Qb3+ e6 26.Kf1 Rh1+ 27.Ke2 Nxf2 28.dxc7 Qh5+ 29.Bf3 Qh3 30.Rd7+ Kg6
31.Bxh1 Nxh1 32.Kd2 Qg2+ 33.Ne2 Rh2 34.Qxe6+ Kh5 35.Qc4 Ng3 36.Rxg7 Nxe4+
37.Kc2  1-0

[Event "Australian op"]
[Site "Suncoast"]
[Date "1999.01.05"]
[Round "4"]
[White "Jones, Brian"]
[Black "Depasquale, Chris"]
[Result "0-1"]
[WhiteElo "2205"]
[BlackElo "2305"]

1.d4 f5 2.Nf3 Nf6 3.c4 g6 4.g3 Bg7 5.Bg2 O-O 6.O-O c6 7.Nc3 Ne4 8.Qc2 Nxc3
9.bxc3 d6 10.Bf4 h6 11.h4 Qe8 12.d5 Na6 13.Nd4 Bd7 14.Rab1 Nc5 15.Qd2 Kh7
16.Qe3 cxd5 17.cxd5 Rc8 18.Rfc1 b6 19.Bf3 Qf7 20.Kg2 Rfe8 21.Qd2 Ne4 22.Bxe4 fxe4
23.c4 e3 24.Qxe3 Bxd4 25.Qxd4 e5 26.dxe6 Qxe6 27.Rb2 Qh3+ 28.Kg1 Bc6 29.f3 g5
30.Qd3+ Be4 31.fxe4 gxf4 32.e5+ Kh8 33.Qg6 Re6 34.Qf7 Qxg3+ 35.Kf1 Rg8  0-1

[Event "Tapolca op"]
[Site "Budapest"]
[Date "1999.01.13"]
[Round "6"]
[White "Szabolcsi, Janos"]
[Black "Kun, Gabor"]
[Result "1/2-1/2"]
[WhiteElo "2425"]
[BlackElo "2260"]

1.d4 f5 2.g3 Nf6 3.Bg2 g6 4.Nf3 Bg7 5.O-O O-O 6.c4 d6 7.d5 Na6 8.Nd4 Bd7
9.Nc3 Qe8 10.e4 fxe4 11.Nxe4 Nxe4 12.Bxe4 c6 13.Bg2 Nc7 14.Be3 c5 15.Ne2 b5
16.cxb5 Bxb2 17.Rb1 Bg7 18.a4 a6 19.b6 Bxa4 20.Qd2 Nb5 21.Nf4 Na3 22.Ne6 Nxb1
23.Rxb1 Rb8 24.Bh3 Bd7 25.Nxg7 Kxg7 26.Bh6+ Kg8 27.Bxf8 Kxf8 28.Be6 Bxe6
29.dxe6 Qa4 30.Qd5 Qd4 31.Qc6 Qd3 32.Re1 Qc3 33.Re3 Qb2 34.Rf3+ Kg8 35.Qc7 Qb1+
36.Kg2 Qxb6 37.Qxe7 Qb7 38.Qf6 Qg7 39.Qg5 Re8 40.Re3 Qb7+ 41.Kh3 Qb1 42.f4 Qf1+
43.Kg4 Qf2 44.f5 h5+ 45.Kh3 Qxf5+ 46.Qxf5 gxf5 47.Kh4 Kg7 48.Kg5 h4 49.Kxf5 Rf8+
50.Ke4 Kf6 51.Rf3+ Kg7 52.Rxf8 Kxf8 53.gxh4 Ke7 54.Kf5  1/2-1/2

[Event "RUS-Cup03 (Geller mem)"]
[Site "Moscow"]
[Date "1999.02.08"]
[Round "7"]
[White "Kulikov, Alexander O"]
[Black "Volodin, Alexey"]
[Result "1-0"]
[WhiteElo "2405"]
[BlackElo "2300"]

1.d4 f5 2.Nf3 Nf6 3.g3 g6 4.Bg2 Bg7 5.O-O O-O 6.c4 d6 7.Nc3 Qe8 8.d5 Na6
9.Nd4 Nc5 10.b4 Nce4 11.Nxe4 Nxe4 12.Bb2 c5 13.dxc6 bxc6 14.Qc2 e5 15.Nb3 Be6
16.c5 d5 17.f3 Ng5 18.f4 Nf7 19.e3 Rb8 20.a3 Bc8 21.Rfe1 Ba6 22.Rad1 Kh8
23.Na5 Qe6 24.Bc3 g5 25.a4 gxf4 26.exf4 e4 27.Bxg7+ Kxg7 28.Qc3+ Kg6 29.Nb3 Qf6
30.Nd4 h5 31.Re3 Nh6 32.h3 Bc4 33.Bf1 Bxf1 34.Kxf1 a6 35.b5 axb5 36.axb5 cxb5
37.c6 Ng8 38.c7 Rbc8 39.Qc5 Rf7 40.Nxb5 Qa6 41.Ra3 Qe6 42.Rxd5 Rd7 43.Rd6 Rxd6
44.Nxd6 Nf6 45.Nxc8 Qxc8 46.Qc6  1-0

[Event "Goodricke 10th op"]
[Site "Calcutta"]
[Date "1999.02.09"]
[Round "4"]
[White "Shetty, Rahul"]
[Black "Neelotpal, Das"]
[Result "0-1"]
[WhiteElo "2325"]
[BlackElo "2435"]

1.d4 f5 2.Nf3 Nf6 3.g3 g6 4.Bg2 Bg7 5.O-O O-O 6.c4 d6 7.Nc3 Qe8 8.Re1 Qf7
9.Qd3 h6 10.b3 Nc6 11.Ba3 a5 12.e3 Ne4 13.Rac1 Nb4 14.Qe2 Nxc3 15.Rxc3 e5
16.dxe5 dxe5 17.Bxb4 axb4 18.Rc2 c5 19.e4 f4 20.gxf4 Qxf4 21.Nd2 Bg4 22.Qe3 Qxe3
23.Rxe3 Ra6 24.Re1 Rfa8 25.Ra1 Ra3 26.Rb2 h5 27.Bf3 Be6 28.Be2 Bh6 29.Nf1 Kf7
30.f3 Ke7 31.Kf2 Bf4 32.Kg2 Kd6 33.Kf2 Kc7 34.Kg2 b5 35.cxb5 Bxb3 36.Rxb3 Rxb3
37.axb3 Rxa1 38.Bc4 Ra2+ 39.Kg1 Rc2  0-1

[Event "Goodricke 10th op"]
[Site "Calcutta"]
[Date "1999.02.10"]
[Round "5"]
[White "Sharma, Dinesh K"]
[Black "Saritha, M Reddy"]
[Result "1/2-1/2"]
[WhiteElo "2375"]
[BlackElo "2230"]

1.Nf3 f5 2.g3 Nf6 3.Bg2 g6 4.O-O Bg7 5.d4 O-O 6.c4 d6 7.Nc3 c6 8.Re1 Ne4
9.Qd3 Nxc3 10.Qxc3 e5 11.dxe5 dxe5 12.e4 f4 13.b3 Qe7 14.c5 Na6 15.b4 Nc7
16.Bb2 Nb5 17.Qb3+ Be6 18.Qc2 Bg4 19.Qb3+ Be6 20.Qc2 Bg4  1/2-1/2

[Event "Koltanowski Team Match"]
[Site "San Francisco"]
[Date "1999.02.10"]
[Round "9"]
[White "Young, Angelo"]
[Black "Cusi, Ronald"]
[Result "0-1"]
[WhiteElo "2398"]
[BlackElo "2375"]

1.d4 f5 2.Nf3 Nf6 3.g3 g6 4.Bg2 Bg7 5.O-O O-O 6.c4 d6 7.Nc3 c6 8.b3 Na6 9.Bb2 Bd7
10.Rc1 Qe8 11.d5 Rd8 12.Qd2 Nc7 13.Ne1 h6 14.Nd3 e5 15.dxe6 Nxe6 16.e3 g5
17.Rfe1 Qg6 18.f4 Rfe8 19.Nf2 Bc8 20.e4 gxf4 21.exf5 Qxf5 22.Bh3 Qg6 23.Bxe6+ Bxe6
24.Qxf4 Nh5 25.Qf3 d5 26.Rcd1 dxc4 27.Rxd8 Rxd8 28.Rxe6 Qxe6 29.Qxh5 Qe1+
30.Kg2 Rd2 31.Qf5 Rxb2 32.Qc8+ Bf8 33.Qg4+ Kh8 34.Qd4+ Bg7 35.Qd8+ Kh7  0-1

[Event "BL2-W9899"]
[Site "Germany"]
[Date "1999.02.21"]
[Round "6.4"]
[White "Callam, Hannes"]
[Black "Philippe, Christophe"]
[Result "1/2-1/2"]
[WhiteElo "2190"]
[BlackElo "2254"]

1.Nf3 f5 2.d4 Nf6 3.c4 g6 4.g3 Bg7 5.Bg2 O-O 6.O-O d6 7.Nc3 Qe8 8.Re1 Qf7
9.b3 Ne4 10.Bb2 Nc6 11.Qd3 Nb4 12.Qb1 c5 13.e3 h6 14.Re2 g5 15.Ne1 Nxc3 16.Bxc3 Nc6
17.Qb2 Qf6 18.Rd2 f4 19.Rc1 fxe3 20.fxe3 cxd4 21.exd4 e5 22.dxe5 dxe5 23.Bd5+  1/2-1/2

[Event "BL2-N9899"]
[Site "Germany"]
[Date "1999.03.07"]
[Round "7.7"]
[White "Lindemann, Christian"]
[Black "Welz, Peter"]
[Result "1/2-1/2"]
[WhiteElo "2210"]
[BlackElo "2215"]

1.d4 f5 2.Nf3 Nf6 3.c4 g6 4.g3 Bg7 5.Bg2 O-O 6.O-O d6 7.Nc3 Nc6 8.d5 Ne5
9.Nxe5 dxe5 10.Qb3 h6 11.c5 Kh8 12.Bd2 g5 13.Rfd1 e4 14.f3 exf3 15.exf3 Nh5
16.Be1 f4 17.g4 Nf6 18.h3 b6 19.Bf2 Bd7 20.Bf1 Be8 21.Bb5 Bg6 22.Bc6 Rb8
23.Qa3 Nd7 24.Bxd7 Qxd7 25.c6 Qd6 26.Qxd6 exd6 27.Re1 Rf7 28.Re6 Bd3 29.Rd1 Ba6
30.Bd4 Kh7 31.Bxg7 Kxg7 32.Rd4 Rh8 33.Ra4 Bc8 34.Re1 h5 35.Ne4 hxg4 36.hxg4 Kg6
37.Rxa7 Rh3 38.Ra3 Re7 39.Kg2 Reh7 40.Nf2 Rg3+ 41.Kf1 Rh2 42.Ke2 Rgg2 43.Rf1 Kf6
44.Ra8 Rh8 45.Rd1 Rhh2 46.Rf1 Rh8 47.Rd1 Rhh2  1/2-1/2

[Event "Bled op"]
[Site "Bled"]
[Date "1999.03.22"]
[Round "3"]
[White "Dobrotka, Martin"]
[Black "Steiner, Darko"]
[Result "0-1"]
[WhiteElo "2231"]
[BlackElo "2266"]

1.d4 f5 2.Nf3 Nf6 3.g3 g6 4.Bg2 Bg7 5.O-O O-O 6.c4 d6 7.Nc3 c6 8.Rb1 Kh8
9.b3 Be6 10.Bb2 Bg8 11.Nh4 Nbd7 12.e4 fxe4 13.Nxe4 d5 14.Nd2 Re8 15.Re1 Qc7
16.Qe2 dxc4 17.Nxc4 Rad8 18.Ne5 Nf8 19.Bh3 Nd5 20.Nhf3 Bf6 21.Nd2 Qa5 22.a3 Nc3
23.Bxc3 Qxc3 24.Ndf3 Qa5 25.Qb2 Qc7 26.Qc1 Rd5 27.Qf4 Qb8 28.b4 Red8 29.Bf1 R5d6
30.h4 Qc8 31.Bd3 Bg7 32.Rbc1 Rf6 33.Qe3 Qb8 34.Bf1 Nd7 35.Ng4 Re6 36.Nge5 Nb6
37.Bh3 Nd5 38.Qe4 Red6 39.Rcd1 Nc3 40.Qe3 Nxd1 41.Rxd1 Rd5 42.Re1 Qd6 43.Bf1 Rxd4
44.Nxd4 Qxd4 45.Qxd4 Rxd4 46.Nd3 Bf6 47.Nc5 b6 48.Ne6 Rd2 49.b5 cxb5 50.Bxb5 Rd5
51.Bc4 Re5 52.Rxe5 Bxe5 53.f4 Bc3 54.Kf2 b5 55.Bd5 Bb2 56.a4 bxa4 57.g4 a3
58.Ke3 Bf6 59.g5 Bb2 60.Kd2 Bf7 61.Bc4 Be8 62.Bd5 Bc6 63.Ba2 Be4 64.Nd8 a5
65.Ne6 Bf5 66.Nd8 Bd4 67.Nc6 Bc5 68.Kc3 Bd6 69.Ne5 Bb4+ 70.Kb3 Be6+ 71.Nc4 Bd6
72.Ka4 Bxf4 73.Kxa3 Bg3 74.Nxa5 Bxa2 75.Kxa2 Bxh4  0-1

[Event "Bled op"]
[Site "Bled"]
[Date "1999.03.25"]
[Round "6"]
[White "Jelen, Igor"]
[Black "Wiley, Tom E"]
[Result "1/2-1/2"]
[WhiteElo "2389"]
[BlackElo "2280"]

1.d4 f5 2.c4 Nf6 3.g3 g6 4.Bg2 Bg7 5.Nf3 O-O 6.O-O d6 7.Nc3 Qe8 8.d5 Na6
9.Rb1 Nc5 10.b4 Nce4 11.Nxe4 Nxe4 12.Bb2 Bxb2 13.Rxb2 e5 14.dxe6 Bxe6 15.Nd2 Nxd2
16.Qxd2 Rb8 17.b5 a6 18.Rc1 Qe7 19.Qa5 f4 20.bxa6 fxg3 21.fxg3 bxa6 22.Rbc2 Bf5
23.e4 Bc8 24.c5 Rb5 25.cxd6 cxd6 26.Qd2 Rc5 27.Rxc5 dxc5 28.Qe3 Be6 29.Rxc5 Bxa2
30.h4 Be6 31.Kh2 Rc8 32.Ra5 Bc4 33.h5 Bb5 34.hxg6 hxg6 35.Ra2 Qe5 36.Qh6 Qh8
37.Qxh8+  1/2-1/2

[Event "Hessen-ch"]
[Site "Baunatal"]
[Date "1999.03.28"]
[Round "5"]
[White "Heck, Norbert"]
[Black "Grafl, Florian"]
[Result "1-0"]
[WhiteElo "2277"]
[BlackElo "2258"]

1.d4 f5 2.g3 Nf6 3.Bg2 g6 4.Nf3 Bg7 5.O-O O-O 6.c4 d6 7.Nc3 Nc6 8.d5 Ne5
9.Qb3 Nxf3+ 10.Bxf3 h6 11.Rd1 g5 12.Be3 Nd7 13.Bd4 Ne5 14.Bg2 a6 15.Rac1 Qe8
16.c5 Qh5 17.Qb4 f4 18.Bxe5 Bxe5 19.Bf3 g4 20.Bg2 f3 21.Bf1 fxe2 22.Bxe2 Rxf2
23.Kxf2 Qxh2+ 24.Ke1 Bxg3+ 25.Kd2 Bf4+ 26.Kc2 Bf5+ 27.Kb3 Bxc1 28.Rxc1 b5
29.cxb6 Rb8 30.b7 a5 31.Qb5 g3 32.Qc6 Qf2 33.Qxc7 Qa7 34.Ba6 g2 35.Ka3 Kf7
36.Ne2 Bg4 37.Ng1 Qxa6 38.Re1 Qb5 39.Rxe7+ Kg6 40.Qxd6+ Kh5 41.Qe5+ Kh4 42.Qe1+ Kh5
43.Re5+ Kg6 44.Qe4+ Kf7 45.Qf4+ Kg8 46.Qxg4+ Kh8 47.Qc8+ Kg7 48.Qc7+ Kf6
49.Qd6+ Kf7 50.Re7+ Kf8 51.Qf6+  1-0

[Event "Neckar op 3rd"]
[Site "Deizisau"]
[Date "1999.04.02"]
[Round "3"]
[White "Chuchelov, Vladimir"]
[Black "Haub, Thorsten Michael"]
[Result "1-0"]
[WhiteElo "2534"]
[BlackElo "2388"]

1.Nf3 g6 2.d4 Bg7 3.c4 f5 4.g3 Nf6 5.Bg2 O-O 6.O-O c6 7.Nc3 d6 8.b3 Na6 9.Bb2 Qe8
10.d5 Bd7 11.Rc1 h6 12.e3 c5 13.Qe2 Rb8 14.Nd2 b5 15.Nxb5 Bxb5 16.cxb5 Qxb5
17.Nc4 Nb4 18.Bxf6 Rxf6 19.e4 f4 20.a3 Na6 21.e5 dxe5 22.Qxe5 Re8 23.Rfe1 Qd7
24.Qe2 fxg3 25.hxg3 Nc7 26.Ne5 Qd6 27.b4 cxb4 28.Rc6 Qd8 29.Qc4 Rxc6 30.dxc6+ e6
31.Qxb4 Nd5 32.Qe4 Qa5 33.Rb1 Nc7 34.Nxg6 Qxa3 35.Rb7 Nd5 36.Kh2 a5 37.Ne5 Ne7
38.Nc4 Qc5 39.Qxe6+ Kf8 40.Nd6  1-0

[Event "Dreifluesse op 7th"]
[Site "Passau"]
[Date "1999.04.02"]
[Round "2"]
[White "Ertl, Daniel"]
[Black "Becker, Robert"]
[Result "0-1"]
[WhiteElo "1690"]
[BlackElo "2191"]

1.d4 f5 2.Nf3 g6 3.g3 Bg7 4.Bg2 Nf6 5.O-O O-O 6.c4 d6 7.Nc3 Qe8 8.Re1 e5
9.dxe5 dxe5 10.e4 Nc6 11.exf5 Bxf5 12.Qb3 Rb8 13.Be3 h6 14.Nh4 e4 15.Nxf5 gxf5
16.Rad1 Qf7 17.Qb5 Ng4 18.Qd5 Nxe3 19.Rxe3 Ne5 20.f3 Nxc4 21.Qxf7+ Rxf7 22.Re2 e3
23.f4 c6 24.Rd3 Re8 25.b3 Nb2 26.Rxb2 Bxc3 27.Re2 Bb4 28.Kf1 Bc5 29.Bf3 Rf6
30.Rd7 Rd6 31.Rxb7 Rd1+ 32.Re1 Rd2 33.Re2 Red8 34.b4 Bb6 35.Bxc6 Rd1+ 36.Re1 e2+
37.Kxe2 R8d2+ 38.Kf3 Rf2+  0-1

[Event "EST-chT"]
[Site "Tallinn"]
[Date "1999.04.02"]
[Round "1"]
[White "Narva, Jaan"]
[Black "Soot, Margus"]
[Result "1-0"]
[WhiteElo "2320"]
[BlackElo "2110"]

1.d4 f5 2.Nf3 Nf6 3.g3 g6 4.Bg2 Bg7 5.O-O O-O 6.c4 d6 7.Nc3 c6 8.Re1 Ne4
9.Nxe4 fxe4 10.Ng5 d5 11.cxd5 cxd5 12.f3 h6 13.Nh3 exf3 14.exf3 Nc6 15.Be3 Qb6
16.Nf4 Rxf4 17.Bxf4 Bxd4+ 18.Kh1 Qxb2 19.Rb1 Qxa2 20.Bxh6 e5 21.Bf1 a6 22.Bd3 Kf7
23.Re2 Qa3 24.Be3 Bxe3 25.Rxe3 Qc5 26.Re1 b5 27.Qd2 Bb7 28.Qh6 Rg8 29.Rbc1 Qd6
30.h4 Qf6 31.Kg2 Rh8 32.Bxg6+ Ke7 33.Qe3 d4 34.Qd3 Rg8 35.h5 Kd6 36.Qb3 Rg7
37.Be4 Nd8 38.Bxb7 Nxb7 39.Qc2 Nd8 40.Qc5+ Ke6 41.Qxd4  1-0

[Event "Dreifluesse op 7th"]
[Site "Passau"]
[Date "1999.04.03"]
[Round "3"]
[White "Lippmann, Hans Georg"]
[Black "Heiduczek, Josef"]
[Result "1-0"]
[WhiteElo "1900"]
[BlackElo "2169"]

1.c4 f5 2.d4 Nf6 3.Nf3 g6 4.g3 Bg7 5.Bg2 O-O 6.O-O d6 7.Nc3 c6 8.d5 Bd7 9.Rb1 Na6
10.b3 Qe8 11.Bb2 Nc7 12.e4 fxe4 13.Ng5 h6 14.Ngxe4 b5 15.Nxf6+ Bxf6 16.Ne4 Bxb2
17.Rxb2 cxd5 18.cxd5 Qf7 19.Rd2 b4 20.f4 Rab8 21.Re1 Rb5 22.Nf2 Ra5 23.Rd4 Rb5
24.Qd2 a5 25.f5 Bxf5 26.Qxh6 Bd7 27.Rf4 Bf5 28.Rh4 Qg7 29.Qxg7+ Kxg7 30.Rxe7+ Rf7
31.Rxf7+ Kxf7 32.Rh7+ Kf6 33.Rxc7 Bb1 34.Ne4+ Ke5 35.Re7+ Kd4 36.Nxd6 Rc5
37.Nc4 Rxc4 38.bxc4 Kc5 39.Rc7+ Kd6 40.Rc6+ Kd7  1-0

[Event "Dreifluesse op 7th"]
[Site "Passau"]
[Date "1999.04.03"]
[Round "4"]
[White "Lentrodt, Thomas"]
[Black "Schebitz, Stephan"]
[Result "0-1"]
[WhiteElo "2300"]
[BlackElo "2190"]

1.d4 f5 2.Nf3 Nf6 3.g3 g6 4.Bg2 Bg7 5.O-O O-O 6.c4 d6 7.Nc3 Nc6 8.d5 Ne5
9.Nd2 Bd7 10.Qc2 Nh5 11.f4 Ng4 12.Nf3 c6 13.Qd3 Qb6+ 14.e3 Rae8 15.Bd2 e5
16.dxe6 Bxe6 17.b3 Kh8 18.Rae1 Bg8 19.Nd1 d5 20.cxd5 Bxd5 21.Bc3 Ngf6 22.Bd4 c5
23.Be5 Rd8 24.Qc3 h6 25.Nf2 Kh7 26.Rc1 Qc6 27.Nd3 Ne4 28.Qb2 Nhf6 29.Nb4 Qb5
30.Nxd5 Rxd5 31.Rfd1 Rfd8 32.Rxd5 Rxd5 33.Bf1 Qd7 34.Qe2 Nd2 35.Ne1 Nxf1
36.Qxf1 Ne4 37.Bxg7 Kxg7 38.Qf3 Rd2 39.Ng2 Rf2 40.Qd1 Rxg2+  0-1

[Event "Dreifluesse op 7th"]
[Site "Passau"]
[Date "1999.04.04"]
[Round "5"]
[White "Ertl, Daniel"]
[Black "Todor, Razvan"]
[Result "0-1"]
[WhiteElo "1690"]
[BlackElo "2186"]

1.d4 f5 2.Nf3 g6 3.g3 Nf6 4.Bg2 Bg7 5.O-O O-O 6.c4 d6 7.Nc3 Qe8 8.Re1 Qf7
9.b3 Ne4 10.Bb2 Nc6 11.e3 h6 12.Qe2 Nxc3 13.Bxc3 e5 14.dxe5 dxe5 15.Qb2 e4
16.Bxg7 Qxg7 17.Qxg7+ Kxg7 18.Nd4 Ne5 19.Red1 c6 20.Rd2 a5 21.Rc1 Rd8 22.Rdd1 Kf6
23.Bf1 Be6 24.Nxe6 Kxe6 25.Be2 c5 26.Rxd8 Rxd8 27.Rd1 Rxd1+ 28.Bxd1 Nf7 29.Kf1 Ke5
30.Ke1 Nd6 31.Kd2 g5 32.Bc2 f4 33.gxf4+ gxf4 34.f3 exf3 35.Bd1 Ne4+ 36.Ke1 f2+
37.Kf1 fxe3 38.Bf3 Nd2+  0-1

[Event "BL2-N9899"]
[Site "Germany"]
[Date "1999.04.18"]
[Round "9.5"]
[White "Paulsen, Dirk"]
[Black "Schian, Thomas"]
[Result "1/2-1/2"]
[WhiteElo "2350"]
[BlackElo "2300"]

1.d4 f5 2.Nf3 Nf6 3.g3 g6 4.Bg2 Bg7 5.O-O O-O 6.c4 d6 7.Nc3 Nc6 8.d5 Na5
9.Qc2 Nxc4 10.Nb5 a6 11.Qxc4 axb5 12.Qxb5 e5 13.dxe6 c6 14.Qb4 Qe7 15.Ng5 h6
16.Nf7 g5 17.Qxd6 Qxe6 18.Qxe6 Bxe6 19.Nd6 Rfb8 20.Bh3 g4 21.Bg2 Ra6 22.Re1 Bf8
23.Bf4 Nh5 24.Be5 Rd8 25.Rad1 Ra5 26.Bc3 Ra7 27.Bd4 Ra4 28.Be5 Ra5 29.Bc3 Ra7
30.Nxb7 Rxd1 31.Rxd1 Rxb7 32.Bxc6 Rb6 33.Bd5 Bg7 34.Bxe6+ Rxe6 35.Bxg7 Nxg7
36.Rd2 Rc6 37.Kg2 Ne6 38.b4 Ng5 39.Rb2 Rc1 40.h4 gxh3+ 41.Kh2 Rf1 42.e3 Nf3+
43.Kxh3 Rg1 44.b5 Ng5+ 45.Kh2 Nf3+ 46.Kh3 Ng5+ 47.Kh2 Nf3+  1/2-1/2

[Event "BL2-N9899"]
[Site "Germany"]
[Date "1999.04.18"]
[Round "9.5"]
[White "Schirm, Friedmar"]
[Black "Schnabel, Ralf"]
[Result "0-1"]
[WhiteElo "2330"]
[BlackElo "2245"]

1.Nf3 f5 2.g3 Nf6 3.Bg2 g6 4.O-O Bg7 5.d4 O-O 6.c4 c6 7.Nc3 d6 8.b3 Qe8 9.Qc2 Na6
10.Ba3 h6 11.e4 fxe4 12.Nxe4 Nxe4 13.Qxe4 Bf5 14.Qe3 g5 15.h3 Qf7 16.g4 Bd7
17.Rae1 Rae8 18.Qd2 Nc7 19.c5 Qf6 20.cxd6 exd6 21.Qb4 Nb5 22.Bb2 Rxe1 23.Rxe1 h5
24.gxh5 g4 25.hxg4 Bxg4 26.Re3 Bxh5 27.Qe1 Bf7 28.a4 Nc7 29.Nd2 Nd5 30.Rg3 Nf4
31.Ne4 Qh6 32.d5 Bg6 33.Bxg7 Kxg7 34.Nxd6 Kh8 35.Qe5+ Qg7 36.Qxg7+ Kxg7 37.dxc6 bxc6
38.Bf3 Kf6 39.Kf1 Rb8 40.Bd1 Rb4 41.Rc3 Rd4 42.Ke1 Rxd6 43.b4 Be8 44.Rc4 Nd5
45.Rh4 Nc3 46.Bc2 Bg6 47.Bb3 Be4 48.Rh6+ Ke7 49.Rh4 Rd7 50.f3 Bd5 51.Bc2 Be6
52.Rh7+ Kd6 53.Rh6 Nd5 54.b5 cxb5 55.axb5 Rf7 56.Be4 Nc7 57.Bc6 Kc5 58.Rh5+ Kb6
59.Rh6 Ka5 60.Rh5  0-1

[Event "Budapest FS05 IM"]
[Site "Budapest"]
[Date "1999.05.01"]
[Round "1"]
[White "Vadasz, Laszlo"]
[Black "Markus, Robert"]
[Result "1/2-1/2"]
[WhiteElo "2287"]
[BlackElo "2302"]

1.Nf3 f5 2.d4 Nf6 3.g3 g6 4.Bg2 Bg7 5.O-O O-O 6.c4 d6 7.Nc3 Qe8 8.Re1 Qf7
9.Qd3 h6 10.b3 Nc6 11.Ba3 Ne4 12.Rad1 Nxc3 13.Qxc3 Bd7 14.Qd2 f4 15.d5 Ne5
16.Bb2 Nxf3+ 17.Bxf3  1/2-1/2

[Event "Dubai op"]
[Site "Dubai"]
[Date "1999.05.01"]
[Round "1"]
[White "Gyimesi, Zoltan"]
[Black "Saleh, Nagueb"]
[Result "1-0"]
[WhiteElo "2529"]
[BlackElo "2243"]

1.d4 f5 2.g3 Nf6 3.Bg2 g6 4.Nf3 Bg7 5.O-O O-O 6.c4 d6 7.Nc3 Nc6 8.d5 Na5
9.Qa4 c5 10.dxc6 Nxc6 11.Rd1 Qa5 12.Qb3 Qb4 13.Qxb4 Nxb4 14.Nd4 Kh8 15.b3 Ng4
16.Bb2 Ne5 17.Nd5 Nxd5 18.Bxd5 Nc6 19.Rd2 Nxd4 20.Bxd4 Bxd4 21.Rxd4 Rb8 22.Re1 Bd7
23.Bg2 Bc6 24.f4 Bxg2 25.Kxg2 Kg7 26.e4 Kf6 27.h3 Rbd8 28.Red1 fxe4 29.c5 Ke6
30.Rxe4+ Kd7 31.Kf3 Rf5 32.cxd6 exd6 33.Rc1 Rf7 34.Rec4 Ke6 35.Rc7 Rdd7 36.Rc8 d5
37.Re8+ Kd6 38.Rce1 Kc5 39.a3 Kd4 40.R8e3 Kc5 41.Re5 Rf6 42.Rc1+ Kd6 43.Rd1 Kc5
44.Ke3 Ra6 45.b4+ Kc4 46.Rd4+ Kb3 47.Rd3+ Kb2 48.Kd4 Rc6 49.Re2+ Rc2 50.Rxc2+ Kxc2
51.g4 Rc7 52.Rf3  1-0

[Event "NRW-Liga I 9899"]
[Site "GER"]
[Date "1999.05.06"]
[Round "9"]
[White "Schindler, Werner"]
[Black "Reinemer, Frank"]
[Result "1-0"]
[WhiteElo "2295"]
[BlackElo "2265"]

1.Nf3 f5 2.g3 Nf6 3.Bg2 g6 4.O-O Bg7 5.c4 O-O 6.d4 d6 7.Nc3 Qe8 8.d5 Na6
9.Nd4 Bd7 10.e4 fxe4 11.Nxe4 Nxe4 12.Bxe4 Nc5 13.Bg2 a5 14.Bg5 h6 15.Be3 g5
16.Qd2 Qg6 17.Rad1 a4 18.Rfe1 Bg4 19.f3 Bd7 20.Nb5 Bxb5 21.cxb5 Nd7 22.Rc1 Rac8
23.f4 gxf4 24.Bxf4 Ne5 25.Bxe5 Bxe5 26.Bh3 Rce8 27.Rxc7 Qf6 28.Rc4 Bxb2 29.Re6 Qf3
30.Rxh6 Rf7 31.Bg2 Qa3 32.Rg6+ Bg7 33.Bh3 Kh7 34.Rg5 Qf3 35.Rh4+ Kg8 36.Bg2 Qf6
37.Rc4 Qa1+ 38.Rc1 Qf6 39.Rf1 Qh6 40.Rxf7 Kxf7 41.Rf5+ Kg8 42.Qxh6 Bxh6 43.Bh3 Ra8
44.Rf3 a3 45.Be6+ Kh8 46.h4 Ra4 47.g4 Bc1 48.Rf7 Rb4 49.g5 Rxh4 50.g6 Bb2
51.Rxe7 b6 52.Kg2 Be5 53.Rb7 Rh6 54.g7+ Bxg7 55.Rb8+ Kh7 56.Bf5+  1-0

[Event "Capablanca mem Premier I"]
[Site "Havana"]
[Date "1999.05.08"]
[Round "2"]
[White "Hernandez, Roman"]
[Black "Otero, Diosmany"]
[Result "1-0"]
[WhiteElo "2419"]
[BlackElo "2403"]

1.d4 f5 2.g3 Nf6 3.Bg2 g6 4.Nf3 Bg7 5.O-O O-O 6.c4 d6 7.Nc3 Nc6 8.d5 Ne5
9.Nxe5 dxe5 10.e4 f4 11.gxf4 Nh5 12.fxe5 Bxe5 13.Ne2 Qd6 14.f4 Nxf4 15.Bxf4 Bxf4
16.Nxf4 Rxf4 17.Rxf4 Qxf4 18.Qd4 e5 19.Qc5 b6 20.Qc6 Qe3+ 21.Kh1 Bh3 22.Qxa8+ Kg7
23.Bxh3 Qxh3 24.Qc6 Qf3+ 25.Kg1 Qe3+ 26.Kf1 Qf3+ 27.Ke1 Qxe4+ 28.Kd2 Qd4+
29.Kc2 Qe4+ 30.Kb3 Qd3+ 31.Ka4 Qc2+ 32.Ka3 Qd3+ 33.b3 Qd2 34.Rf1 Qa5+ 35.Qa4  1-0

[Event "Capablanca mem Premier I"]
[Site "Havana"]
[Date "1999.05.15"]
[Round "8"]
[White "Rivera, Alberto"]
[Black "Pecorelli Garcia, Humberto"]
[Result "1/2-1/2"]
[WhiteElo "2392"]
[BlackElo "2430"]

1.d4 f5 2.g3 Nf6 3.Bg2 g6 4.Nf3 Bg7 5.O-O O-O 6.c4 d6 7.Nc3 c6 8.Re1 Nbd7
9.e4 fxe4 10.Nxe4 Nxe4 11.Rxe4  1/2-1/2

[Event "VCN SchaakFestival"]
[Site "Soest"]
[Date "1999.05.16"]
[Round "6"]
[White "Muis, Gerrit Meine"]
[Black "Meijer, Dolf"]
[Result "1-0"]
[WhiteElo "2103"]
[BlackElo "2229"]

1.c4 f5 2.d4 Nf6 3.Nf3 g6 4.g3 Bg7 5.Bg2 O-O 6.O-O d6 7.Qc2 c6 8.Nc3 Qc7
9.Bf4 Nh5 10.Bg5 e5 11.Rad1 Qf7 12.dxe5 dxe5 13.b3 f4 14.Ne4 Bf5 15.Nh4 h6
16.Nxf5 gxf5 17.Nd6 Qe6 18.Bh4 e4 19.Bh3 Na6 20.Nxb7 Be5 21.Qxe4 Rae8 22.Qf3 Qg6
23.Kh1 Kh8 24.Rg1 fxg3 25.hxg3 Bc7 26.c5 Ng7 27.Nd6 Re5 28.b4 Ne6 29.Be7 Rg8
30.Qc3 Qg7 31.Qxe5 Qxe5 32.Nf7+ Kh7 33.Nxe5 Bxe5 34.Bxf5+ Kg7 35.Bxe6 Re8
36.Rd7  1-0

[Event "Zalakaros Kupa 18th"]
[Site "Zalakaros"]
[Date "1999.05.20"]
[Round "9"]
[White "Krizsany, Laszlo"]
[Black "Horvath, Julia"]
[Result "1-0"]
[WhiteElo "2462"]
[BlackElo "2248"]

1.d4 f5 2.g3 Nf6 3.Bg2 g6 4.Nf3 Bg7 5.O-O O-O 6.c4 d6 7.Nc3 Nc6 8.d5 Ne5
9.Nxe5 dxe5 10.Qb3 Kh8 11.Bg5 h6 12.Bxf6 Bxf6 13.e4 f4 14.c5 Rb8 15.Rfd1 Bd7
16.Qa3 a6 17.c6 Bc8 18.cxb7 Rxb7 19.Na4 g5 20.Nc5 Rb6 21.b3 Qd6 22.Rac1 g4
23.Qa5 Bg5 24.Rc2 h5 25.Na4 h4 26.gxh4 Bxh4 27.Nxb6 cxb6 28.Qc3 Qh6 29.Qxe5+ Bf6
30.Rc6 Kg7 31.Rxf6 Qxf6 32.Qc7 g3 33.hxg3 Bg4 34.f3 Bh5 35.Qxf4 Qc3 36.Qg5+ Bg6
37.Qxe7+ Rf7 38.Qg5 Qc5+ 39.Kf1 Qc2 40.Qd2 Qxe4 41.Qd4+ Kg8 42.Qxe4 Bxe4
43.f4  1-0

[Event "Guillermo Garcia mem-A"]
[Site "Santa Clara"]
[Date "1999.05.26"]
[Round "3"]
[White "Rivera, Alberto"]
[Black "Otero, Diosmany"]
[Result "1-0"]
[WhiteElo "2392"]
[BlackElo "2403"]

1.d4 f5 2.g3 Nf6 3.Bg2 g6 4.Nf3 Bg7 5.O-O O-O 6.c4 d6 7.Nc3 Nc6 8.d5 Ne5
9.Nd2 c5 10.Rb1 Bd7 11.h3 Qc8 12.f4 Nf7 13.Kh2 a6 14.Qc2 b5 15.b3 Rb8 16.Bb2 h5
17.e3 Kh7 18.Ne2 e5 19.dxe6 Bxe6 20.Ng1 Re8 21.Ngf3 bxc4 22.bxc4 Qd7 23.Rfd1 Qe7
24.Nh4 Bd7 25.Re1 Nh6 26.e4 Qf8 27.Ndf3 Nxe4 28.Rxe4 fxe4 29.Ng5+ Kg8 30.Nxg6 Qf5
31.Nh4 Qf8 32.Bxe4 Rxe4 33.Qxe4 Bf5 34.Qd5+ Kh8 35.Bxg7+ Kxg7 36.Nxf5+ Nxf5
37.Ne6+  1-0

[Event "Salongernas Elo"]
[Site "Stockholm"]
[Date "1999.06.05"]
[Round "1"]
[White "Hjelm, Niclas"]
[Black "Azizi, Haroon"]
[Result "1-0"]
[WhiteElo "2306"]
[BlackElo "2193"]

1.d4 f5 2.g3 Nf6 3.Bg2 g6 4.Nf3 Bg7 5.O-O O-O 6.c4 d6 7.d5 c6 8.Nd4 Bd7 9.Nc3 Qe8
10.Qb3 Na6 11.Qxb7 Nc5 12.Qb4 a5 13.Qa3 cxd5 14.Nxd5 Rb8 15.Nxf6+ Bxf6 16.Rd1 a4
17.Rb1 g5 18.b4 axb3 19.axb3 Qg6 20.Bb2 Kh8 21.b4 Na4 22.Ba1 Nb6 23.c5 Nc4
24.Qa2 dxc5 25.bxc5 Ne5 26.Rxb8 Rxb8 27.c6 Be8 28.Qe6 Rb6 29.c7 Rxe6 30.Nxe6 Kg8
31.c8=Q Qf7 32.Nxg5  1-0

[Event "Budapest FS06 IM"]
[Site "Budapest"]
[Date "1999.06.08"]
[Round "4"]
[White "Vadasz, Laszlo"]
[Black "Belotelov, Dimitri"]
[Result "1/2-1/2"]
[WhiteElo "2287"]
[BlackElo "2262"]

1.Nf3 f5 2.d4 Nf6 3.g3 g6 4.Bg2 Bg7 5.O-O O-O 6.c4 d6 7.Nc3 Nc6 8.d5 Ne5
9.Nxe5 dxe5 10.Qb3 e6 11.dxe6 c6 12.Be3 Qe7 13.Na4  1/2-1/2

[Event "Villa de Sitges 35th"]
[Site "Sitges"]
[Date "1999.07.18"]
[Round "3"]
[White "Rohde, Ulrich"]
[Black "Marin, Mihail"]
[Result "0-1"]
[WhiteElo "2290"]
[BlackElo "2548"]

1.Nf3 f5 2.c4 Nf6 3.g3 g6 4.Bg2 Bg7 5.d4 O-O 6.O-O d6 7.Nc3 Nc6 8.d5 Ne5
9.Nxe5 dxe5 10.e4 f4 11.gxf4 exf4 12.e5 Ng4 13.e6 Ne5 14.Re1 Nxc4 15.Re4 Nd6
16.Rxf4 b6 17.h4 Bb7 18.h5 Rxf4 19.Bxf4 Qf8 20.Bxd6 cxd6 21.hxg6 hxg6 22.Be4 Qf4
23.Qf3 Qxf3 24.Bxf3 Rc8 25.Nb5 Bxb2 26.Rb1 Rc2 27.Nxa7 Bd4 28.Nc6 Bxc6 29.dxc6 Rxf2
30.Be4 d5 31.Bxg6 Kg7 32.Rb4 Bc5  0-1